000 01208nam a22003737a 4500
001 000039707
003 CHAP
005 20260223121543.0
008 971013s1975 r 00010 d
010 _a38650
011 _a39622
035 _a43743
040 _cCHAP
090 _aFolleto 2587
100 1 0 _aMoctezuma López, Georgel
_976402
245 1 0 _aDeshidratadora de alfalfa.
260 _aChapingo, Méx. :
_bENA. Departamento de Industrias Agrícolas,
_c1975.
300 _a23 p.
490 1 _aPerfiles agroindustriales
_v; 2
590 _aBATCH-UPD
_b10
_c20130109
_lUCH01
_h2333
590 _aBATCH-UPD
_b10
_c20130110
_lUCH01
_h2142
590 _aBATCH-UPD
_b10
_c20130409
_lUCH01
_h1900
590 _aBATCH-UPD
_b10
_c20130410
_lUCH01
_h1451
590 _aBATCH-UPD
_b10
_c20130914
_lUCH01
_h0019
590 _aCONVERSION
_b10
_c20130109
_lUCH01
_h1321
590 _aE5995AHE
_b05
_c20150203
_lUCH01
_h1345
650 1 4 _aAlfalfa
_xDeshidratación.
_93860
830 0 _aPerfiles agroindustriales
_v; 2
_987148
901 _aBK
942 _cFOLL
942 _n0
949 _aFolleto 2587
_bBC
_cFOLL
_d-100037
_eTS1
_i43743
_mD
_si
949 _aFolleto 2587
_bBC
_cUACH
_d-100039
_eUACH
_fc.2
_i43743
_mD
_si
999 _c38650
_d38650